Title in the Lyrics -- Songs That Start With I - Statistics

General Stats
  • This quiz has been taken 903 times
  • The average score is 7 of 15
Answer Stats
Lyrics Title % Correct
Tell me why / Ain't nothin' but a heartache / Tell me why / Ain't nothing but a mistake / Tell me why / I never wanna hear you say / _ ____ __ ____ ___ I Want it That Way
82%
Oh! _ _____ _____ ____ ________ / I wanna feel the heat with somebody / Yeah! _ _____ _____ ____ ________ / With somebody who loves me I Wanna Dance With Somebody
81%
If there was a problem, yo, I'll solve it / Check out the hook while my DJ revolves it / ___ ___ ____ vanilla, ___ ____ vanilla Ice Ice Baby
77%
_______ there's no heaven / It's easy if you try / No Hell below us / Above us only sky / _______ all the people / Living for today Imagine
73%
I crashed my car into the bridge / I don't care, _ ____ __ / I don't care I Love It
71%
But _ _____ ____ ___ _____ / And I would walk five hundred more / Just to be the man who walked a thousand miles / To fall down at your door I Would Walk 500 Miles
71%
You must not know 'bout me / You must not know 'bout me / I will have another you by tomorrow / So don't you ever for a second get to thinkin' / You're _____________ Irreplaceable
50%
__ _ ___ _____, bury me in satin / Lay me down on a bed of roses / Sink me in a river at dawn / Send me away with the words of a love song If I Die Young
41%
_ ____ ___ __ ____ __ / I need you to need me / I'd love you to love me / I'm begging you to beg me I Want You to Want Me
41%
But I won't hesitate / No more, no more / This is our fate / ___ _____ I'm Yours
28%
You and I must make a pact, we must bring salvation back / Where there is love, ____ __ _____ I'll Be There
20%
She seems to have an _________ _____ yeah / She reaches in, and grabs right hold of your heart Invisible Touch
16%
You put it down like New York City / I never sleep! / Wild like Los Angeles / My fantasy! / Hotter than Miami / I feel the heat! / Ohh, girl, it's _____________ ____ / Ohh, yeah, it's _____________ ____ International Love
15%
I've searched the world and I know now / It ain't right if you ain't lost your mind / Yeah, I don't want easy, _ ____ _____ / Are you with me baby? Let's be crazy I Want Crazy
12%
____ _ ____ ___ __ ___ ___ if you wanna rock 'n' roll / ____ _ ____ ___ __ ___ ___ if you wanna rock 'n' roll It's a Long Way to the Top
8%
No matching quizzes found
Score Distribution
Percent of People with Each Score
Percentile by Number Answered
Your Score History
You have not taken this quiz